[Event "Moscow Open 2007"]
[Site "Moscow"]
[Date "2007.01.28"]
[Round "2"]
[White "Pankov, Gennady"]
[Black "Charochkina, Daria"]
[Result "0-1"]
[WhiteElo "2014"]
[BlackElo "2235"]
[PlyCount "102"]
[EventDate "2007.??.??"]

1. e4 c5 2. Nf3 d6 3. d4 cxd4 4. Nxd4 Nf6 5. Nc3 Nc6 6. Nb3 e6 7. Be2 Be7 8.
O-O O-O 9. Be3 Bd7 10. f4 Rc8 11. g4 d5 12. e5 Ne4 13. Nxe4 dxe4 14. g5 Nb4 15.
c3 Nd5 16. Bd4 Bc6 17. Qe1 f6 18. gxf6 gxf6 19. Nc5 Bxc5 20. Bxc5 Rf7 21. h3
fxe5 22. Bg4 Nxf4 23. Rxf4 exf4 24. Bxe6 Qg5+ 25. Kh2 Qxc5 26. Qh4 Rcf8 27.
Qxf4 Kh8 28. Bxf7 Qe7 29. Rf1 Be8 30. Re1 Rxf7 31. Qxe4 Qxe4 32. Rxe4 Bc6 33.
Re2 Kg7 34. Rd2 Rf1 35. b3 Kf6 36. c4 Kg5 37. Kg3 h5 38. h4+ Kf5 39. b4 Rf3+
40. Kh2 Kg4 41. b5 Rh3+ 42. Kg1 Rh1+ 43. Kf2 Rh2+ 44. Ke3 Rxd2 45. Kxd2 Bg2 46.
c5 Kxh4 47. a4 Kg3 48. a5 h4 49. a6 bxa6 50. c6 axb5 51. c7 Bb7 0-1

[Event "Moscow Open 2007"]
[Site "Moscow"]
[Date "2007.01.28"]
[Round "2"]
[White "Lavrentiev, Yuri"]
[Black "Aslanov, Sergei"]
[Result "0-1"]
[WhiteElo "1977"]
[BlackElo "2233"]
[PlyCount "94"]
[EventDate "2007.??.??"]

1. d4 d5 2. Bg5 c6 3. e3 Qb6 4. Nd2 Bf5 5. Bd3 e6 6. Ne2 Nd7 7. Bxf5 exf5 8.
O-O Ngf6 9. c4 h6 10. c5 Qd8 11. Bh4 Be7 12. b4 O-O 13. a4 Ne4 14. Bxe7 Qxe7
15. Nf4 Rfe8 16. Nf3 Nf8 17. b5 g5 18. Nh5 f6 19. bxc6 bxc6 20. Rb1 Nc3 21. Qd3
Nxb1 22. Qxf5 Nh7 23. Qg6+ Kh8 24. Rxb1 Rab8 25. Rxb8 Rxb8 26. h3 Rb4 27. Qxh6
Rxa4 28. g4 Qf7 29. h4 gxh4 30. Nxh4 Rb4 31. Kg2 Rb8 32. Ng6+ Kg8 33. f4 a5 34.
Nh4 a4 35. Nf5 Kh8 36. Nd6 Qe7 37. Kf3 Rg8 38. g5 fxg5 39. f5 a3 40. Kg4 a2 41.
Qe6 Qxe6 42. fxe6 Rb8 43. e7 Kg8 44. Kf5 a1=Q 45. Ke6 Qh1 46. Nf6+ Nxf6 47.
Kxf6 g4 0-1

[Event "Moscow Open 2007"]
[Site "Moscow"]
[Date "2007.01.28"]
[Round "2"]
[White "Kashlinskaya, Alina"]
[Black "Lyubokhiner, Leonid M"]
[Result "1-0"]
[WhiteElo "2228"]
[BlackElo "1805"]
[PlyCount "53"]
[EventDate "2007.??.??"]

1. d4 Nf6 2. c4 g6 3. Nf3 Bg7 4. g3 O-O 5. Bg2 d6 6. Nc3 a6 7. O-O Nc6 8. h3
Rb8 9. e4 Na5 10. Qe2 b5 11. e5 Ne8 12. cxb5 axb5 13. Bg5 h6 14. exd6 Be6 15.
dxe7 Qd7 16. exf8=Q+ Kxf8 17. d5 Bxh3 18. Bxh3 Qxh3 19. Be7+ Kg8 20. Nxb5 Nd6
21. Nxd6 Rxb2 22. Qa6 Qh5 23. Rab1 Qxf3 24. Rxb2 Bd4 25. Rb8+ Kh7 26. Ne4 Qxe4
27. Bf6 1-0

[Event "Moscow Open 2007"]
[Site "Moscow"]
[Date "2007.01.29"]
[Round "3"]
[White "Bocharov, Dmitry"]
[Black "Yudin, Sergei"]
[Result "1-0"]
[WhiteElo "2602"]
[BlackElo "2508"]
[PlyCount "53"]
[EventDate "2007.??.??"]

1. d4 d5 2. c4 e6 3. Nf3 c6 4. Nbd2 f5 5. g3 Nf6 6. Bg2 Bd6 7. O-O O-O 8. Ne5
Qe7 9. Nd3 b6 10. b4 Bxb4 11. Nxb4 Qxb4 12. a4 Qa5 13. Qc2 Bd7 14. Ba3 Rc8 15.
Rfc1 Qa6 16. Bd6 Qb7 17. Rab1 Na6 18. Nb3 Be8 19. Be5 Bg6 20. Rb2 Ng4 21. Bf4
Qe7 22. c5 e5 23. dxe5 Nxe5 24. cxb6 Nc4 25. Nd4 axb6 26. Nxc6 Qd7 27. Bxd5+
1-0

[Event "Moscow Open 2007"]
[Site "Moscow"]
[Date "2007.01.29"]
[Round "3"]
[White "Nikolenko, Oleg"]
[Black "Svetushkin, Dmitry"]
[Result "1/2-1/2"]
[WhiteElo "2516"]
[BlackElo "2588"]
[PlyCount "73"]
[EventDate "2007.??.??"]

1. e4 c5 2. Nf3 d6 3. Nc3 Nf6 4. e5 dxe5 5. Nxe5 a6 6. g3 Qc7 7. d4 cxd4 8.
Qxd4 Nc6 9. Nxc6 Qxc6 10. Bg5 h6 11. O-O-O Bg4 12. Bg2 Qxg2 13. Bxf6 Qc6 14.
Qxg4 gxf6 15. Nd5 Rd8 16. Nb4 Qe6 17. Rxd8+ Kxd8 18. Qd4+ Kc8 19. Nd3 Qd7 20.
Qa7 e6 21. Re1 Qd5 22. a3 Bd6 23. Qe3 h5 24. Kb1 h4 25. Nb4 Qc4 26. Qf3 hxg3
27. hxg3 Bxb4 28. axb4 Qxb4 29. Re4 Qe7 30. Rf4 Rd8 31. Rxf6 Rd7 32. Rh6 Qc5
33. Rh7 Qe7 34. Qc3+ Kb8 35. Qe5+ Ka7 36. Qe3+ Ka8 37. Rh8+ 1/2-1/2

[Event "Moscow Open 2007"]
[Site "Moscow"]
[Date "2007.01.29"]
[Round "3"]
[White "Andreikin, Dmitry"]
[Black "Kornev, Alexei"]
[Result "1/2-1/2"]
[WhiteElo "2509"]
[BlackElo "2582"]
[PlyCount "49"]
[EventDate "2007.??.??"]

1. d4 Nf6 2. Nf3 e6 3. Bg5 c5 4. c3 Qb6 5. Nbd2 cxd4 6. Nc4 Qc7 7. Qxd4 Nc6 8.
Qf4 Qxf4 9. Bxf4 Ne4 10. Nfd2 Nxd2 11. Kxd2 d5 12. Nd6+ Bxd6 13. Bxd6 e5 14. f4
f6 15. fxe5 fxe5 16. e4 dxe4 17. Bc4 Bg4 18. Ke3 O-O-O 19. Ba3 Na5 20. Bf1 Rd7
21. h3 Be6 22. b3 Nc6 23. Be2 Ne7 24. Bxe7 Rxe7 25. Kxe4 1/2-1/2

[Event "Moscow Open 2007"]
[Site "Moscow"]
[Date "2007.01.29"]
[Round "3"]
[White "Askarov, Marat"]
[Black "Burmakin, Vladimir"]
[Result "1/2-1/2"]
[WhiteElo "2487"]
[BlackElo "2568"]
[PlyCount "107"]
[EventDate "2007.??.??"]

1. d4 d5 2. c4 c6 3. Nf3 Nf6 4. e3 Bf5 5. Nc3 e6 6. Nh4 Bg6 7. Qb3 Qc7 8. Nxg6
hxg6 9. g3 Nbd7 10. Bd2 Nb6 11. c5 Nbd7 12. Qc2 e5 13. b4 a6 14. Be2 Be7 15.
O-O e4 16. f3 exf3 17. Bxf3 O-O 18. Rae1 Qd8 19. Qb3 Kh8 20. Kh1 Rb8 21. g4 Nh7
22. e4 dxe4 23. Bxe4 Bg5 24. Qd1 Ndf6 25. Bxg5 Nxg5 26. Bg2 Qd7 27. d5 cxd5 28.
Nxd5 Nxd5 29. Re5 Qc7 30. Rxd5 Rfd8 31. Qd3 Ne6 32. Qe3 Rxd5 33. Bxd5 Re8 34.
Re1 Qd7 35. Qf3 Nd8 36. Rxe8+ Qxe8 37. Qe4 Qd7 38. Kg2 Kh7 39. h4 Kg8 40. a3
Kf8 41. g5 Nc6 42. Kg3 Qc7+ 43. Qf4 Qd7 44. Bf3 Ke7 45. Qe4+ Kf8 46. Qg4 Qc7+
47. Qf4 Qe7 48. Kf2 Qd7 49. a4 Nd8 50. Kg3 Qxa4 51. Qb8 Ke7 52. Qd6+ Ke8 53.
Qe5+ Kf8 54. Qd6+ 1/2-1/2

[Event "Moscow Open 2007"]
[Site "Moscow"]
[Date "2007.01.29"]
[Round "3"]
[White "Krapivin, Alexander"]
[Black "Grachev, Boris"]
[Result "1-0"]
[WhiteElo "2478"]
[BlackElo "2563"]
[PlyCount "97"]
[EventDate "2007.??.??"]

1. e4 c5 2. Nc3 Nc6 3. g3 g6 4. Bg2 Bg7 5. d3 d6 6. Be3 Rb8 7. Qd2 b5 8. f4 b4
9. Nd1 e6 10. Nf3 Nge7 11. O-O O-O 12. c3 bxc3 13. bxc3 Qa5 14. Rc1 f5 15. exf5
gxf5 16. Re1 h6 17. h3 Nd5 18. Bf2 Rf7 19. Re2 Bd7 20. c4 Qxd2 21. Rxd2 Nf6 22.
Nc3 a6 23. Rdd1 Nh5 24. Rd2 Rb4 25. Ne2 Nf6 26. Ne1 Na5 27. Rc3 Ra4 28. Rc1 Rb4
29. Rc3 Ne8 30. Ra3 Ra4 31. Rxa4 Bxa4 32. Bf3 Nc7 33. g4 Rf8 34. Ng2 Kh7 35.
gxf5 exf5 36. Nh4 Ne6 37. Nxf5 Rxf5 38. Be4 Kg6 39. Ng3 Nd4 40. Kf1 Bd7 41. Rb2
Kf7 42. Nxf5 Nxf5 43. Rb6 Nd4 44. Bxd4 Bxd4 45. Rxa6 Bc3 46. f5 Ke7 47. Ra7 Kd8
48. f6 Nc6 49. Ra8+ 1-0

[Event "Moscow Open 2007"]
[Site "Moscow"]
[Date "2007.01.29"]
[Round "3"]
[White "Turov, Maxim"]
[Black "Gasanov, Eldar"]
[Result "1/2-1/2"]
[WhiteElo "2562"]
[BlackElo "2477"]
[PlyCount "60"]
[EventDate "2007.??.??"]

1. d4 Nf6 2. c4 e6 3. Nc3 Bb4 4. Qc2 d5 5. a3 Bxc3+ 6. Qxc3 Ne4 7. Qc2 Nc6 8.
e3 e5 9. cxd5 Qxd5 10. Bc4 Qa5+ 11. b4 Nxb4 12. Qxe4 Nc2+ 13. Ke2 Qe1+ 14. Kf3
Nxa1 15. Bb2 O-O 16. Kg3 h6 17. h3 Qd2 18. Bxa1 Qc1 19. Bd3 g6 20. Qh4 Kg7 21.
dxe5 Qxa1 22. Qf6+ Kg8 23. Ne2 Qxh1 24. Nf4 Bxh3 25. Nxh3 Rad8 26. Bxg6 fxg6
27. Qxg6+ Kh8 28. Qxh6+ Kg8 29. Qg6+ Kh8 30. Qh6+ Kg8 1/2-1/2

[Event "Moscow Open 2007"]
[Site "Moscow"]
[Date "2007.01.29"]
[Round "3"]
[White "Petrushin, Alexander I"]
[Black "Zontakh, Andrey"]
[Result "0-1"]
[WhiteElo "2473"]
[BlackElo "2562"]
[PlyCount "90"]
[EventDate "2007.??.??"]

1. e4 c5 2. Nf3 d6 3. d4 cxd4 4. Nxd4 Nf6 5. Nc3 e6 6. Be2 Nc6 7. O-O Be7 8.
Be3 Bd7 9. Ndb5 Qb8 10. a4 O-O 11. f4 Rd8 12. Bf3 Be8 13. Qe2 a6 14. Nd4 Qc7
15. Qf2 Rab8 16. a5 Nd7 17. Bg4 Nxd4 18. Bxd4 Bf6 19. Be3 Bxc3 20. bxc3 Qxc3
21. Rad1 Nc5 22. Bd4 Qxa5 23. e5 Rbc8 24. f5 exf5 25. Bxf5 dxe5 26. Bxc8 exd4
27. Bf5 g6 28. Rxd4 Rxd4 29. Qxd4 gxf5 30. Rxf5 Qe1+ 31. Rf1 Qe7 32. Qg4+ Kf8
33. Qd4 Qg5 34. Qh8+ Ke7 35. Qxh7 Qe3+ 36. Kh1 Qe4 37. Qh6 Ne6 38. Qf6+ Kd7 39.
c3 Kc8 40. h4 Bc6 41. Rf2 Qg4 42. Kh2 Kb8 43. Qe5+ Ka7 44. Qe3+ Ka8 45. Rxf7
Qxg2# 0-1

[Event "Moscow Open 2007"]
[Site "Moscow"]
[Date "2007.01.29"]
[Round "3"]
[White "Amonatov, Farrukh"]
[Black "Rakhmanovr, Aleksand"]
[Result "1-0"]
[WhiteElo "2559"]
[BlackElo "2473"]
[PlyCount "155"]
[EventDate "2007.??.??"]

1. e4 e5 2. Nf3 Nf6 3. Nxe5 d6 4. Nf3 Nxe4 5. d4 d5 6. Bd3 Nc6 7. O-O Be7 8. c4
Nf6 9. Nc3 O-O 10. h3 Nb4 11. Be2 dxc4 12. Bxc4 c6 13. Bg5 Nbd5 14. Re1 Be6 15.
Bd3 h6 16. Bd2 c5 17. Rxe6 fxe6 18. Qe2 Qc8 19. dxc5 Nxc3 20. Bxc3 Nd5 21. Qe4
Nf6 22. Qe2 Nd5 23. Bd4 Nf4 24. Qe5 Rf7 25. Bc4 Qc6 26. Re1 Bd8 27. Qd6 Qxd6
28. cxd6 Kh7 29. Ne5 Rf8 30. g3 Nd5 31. Nd7 Rf7 32. Nc5 Nb6 33. Bxe6 Rf8 34.
Nxb7 Bf6 35. Bxf6 Rxf6 36. d7 Nxd7 37. Bxd7 Rb8 38. Nc5 Rxb2 39. Ne4 Rf8 40.
Be6 a5 41. Bb3 a4 42. Bxa4 Rxa2 43. Bb5 Ra3 44. Bf1 Kh8 45. h4 Re8 46. Bg2 Ra7
47. Rd1 Rae7 48. Rd4 Ra7 49. Bf3 Ra3 50. Kg2 Rf8 51. Be2 Ra2 52. Bd1 Rb2 53. g4
Kh7 54. Kg3 Ra2 55. g5 hxg5 56. hxg5 Rfa8 57. Bg4 R2a3+ 58. f3 Rf8 59. Rd5 Kg6
60. Rd6+ Kh7 61. Bh5 Ra1 62. Bg6+ Kg8 63. Rd2 Ra3 64. Bh5 Kh7 65. Rh2 Kg8 66.
Bg4 Re8 67. Bf5 Re5 68. Kg4 Raa5 69. Bh7+ Kf7 70. Rb2 Ra7 71. Rb6 Rc7 72. Bg6+
Ke7 73. Rb8 Kd7 74. Rg8 Kc6 75. Ng3 Re6 76. Be4+ Kc5 77. Nf5 g6 78. Nh4 1-0

[Event "Moscow Open 2007"]
[Site "Moscow"]
[Date "2007.01.29"]
[Round "3"]
[White "Demchenko, Anton"]
[Black "Shaposhnikov, Evgeny"]
[Result "1/2-1/2"]
[WhiteElo "2427"]
[BlackElo "2554"]
[PlyCount "66"]
[EventDate "2007.??.??"]

1. e4 c5 2. Nf3 e6 3. Nc3 a6 4. d4 cxd4 5. Nxd4 Qc7 6. g3 Bb4 7. Bd2 Nc6 8.
Nxc6 dxc6 9. Bg2 Nf6 10. O-O O-O 11. f4 Rd8 12. Qe2 e5 13. f5 b6 14. Bf3 a5 15.
Qg2 Ba6 16. Rfd1 Bc5+ 17. Kh1 Rd7 18. Na4 Bf8 19. Be3 Rb8 20. g4 Bb5 21. Nc3
Rbd8 22. Rg1 Bc5 23. Bxc5 bxc5 24. Qf2 Rd2 25. Qxc5 Rxc2 26. Rgc1 Rxc1+ 27.
Rxc1 Ba6 28. g5 Ne8 29. Rd1 Rxd1+ 30. Bxd1 g6 31. h4 Qd6 32. Qa7 Qd3 33. Qe7
Qh3+ 1/2-1/2

[Event "Moscow Open 2007"]
[Site "Moscow"]
[Date "2007.01.29"]
[Round "3"]
[White "Deviatkin, Andrei"]
[Black "Gavrilov, Alexei"]
[Result "1-0"]
[WhiteElo "2544"]
[BlackElo "2465"]
[PlyCount "123"]
[EventDate "2007.??.??"]

1. e4 e6 2. d4 d5 3. Nd2 c5 4. Ngf3 Nf6 5. exd5 exd5 6. Bb5+ Bd7 7. Bxd7+ Nbxd7
8. O-O Be7 9. dxc5 Nxc5 10. Re1 O-O 11. Nf1 Re8 12. Be3 a5 13. a4 Qd7 14. Bd4
Ne6 15. Be5 Ng4 16. Ne3 Nxe3 17. Rxe3 f6 18. Bg3 Bc5 19. Rd3 Rad8 20. c3 Bb6
21. Rd2 Qc6 22. h3 Qc4 23. Kh2 h6 24. b3 Qxc3 25. Rc1 Qb4 26. Rxd5 Qe4 27. Rxd8
Rxd8 28. Qf1 Nc5 29. Qb5 Qb4 30. Qxb4 axb4 31. Rc4 Na6 32. Ne1 Rd1 33. Nc2 Bc5
34. Rf4 Rd3 35. Rf3 Rxf3 36. gxf3 Kf7 37. Kg2 Ke6 38. Kf1 g5 39. f4 Kf5 40.
fxg5 fxg5 41. f3 h5 42. Ke2 Ke6 43. Kd3 Kd5 44. Be1 Be7 45. Ne3+ Ke6 46. Kc4
Ke5 47. Bg3+ Ke6 48. Nd5 Bf8 49. f4 gxf4 50. Nxf4+ Kf5 51. Nxh5 Be7 52. Nf4 Bd6
53. Ne2 Be7 54. Nd4+ Ke4 55. Nb5 Bg5 56. Nd6+ Kf3 57. Be5 b6 58. Nc8 Be3 59.
Bd6 Ke4 60. Kb5 Nc5 61. Bxc5 bxc5 62. Kc4 1-0

[Event "Moscow Open 2007"]
[Site "Moscow"]
[Date "2007.01.29"]
[Round "3"]
[White "Belov, Vladimir"]
[Black "Chudinovskikh, Alexander M"]
[Result "1/2-1/2"]
[WhiteElo "2600"]
[BlackElo "2359"]
[PlyCount "83"]
[EventDate "2007.??.??"]

1. d4 Nf6 2. c4 e6 3. Nf3 c5 4. d5 exd5 5. cxd5 d6 6. Nc3 g6 7. e4 Bg7 8. h3
O-O 9. Bd3 Re8 10. O-O c4 11. Bxc4 Nxe4 12. Nxe4 Rxe4 13. Bg5 f6 14. Bd3 Re8
15. Bf4 Na6 16. Bxa6 bxa6 17. Nd4 f5 18. Ne6 Bxe6 19. dxe6 Qf6 20. Re1 Rxe6 21.
Qb3 Rae8 22. Bxd6 Kh8 23. Rxe6 Qxe6 24. Qxe6 Rxe6 25. Bc5 Bxb2 26. Rb1 Rc6 27.
Be3 Be5 28. Bxa7 Kg7 29. g3 Kf6 30. Rb7 h5 31. Bb6 Ke6 32. a4 Rc1+ 33. Kg2 Ra1
34. a5 Bc3 35. Ra7 Bxa5 36. Bd4 Rd1 37. Rxa6+ Kf7 38. Ra7+ Ke6 39. Bb2 Bd8 40.
Rg7 g5 41. Rh7 h4 42. g4 1/2-1/2

[Event "Moscow Open 2007"]
[Site "Moscow"]
[Date "2007.01.29"]
[Round "3"]
[White "Smirnov, Igor"]
[Black "Fedorov, Alexei"]
[Result "0-1"]
[WhiteElo "2439"]
[BlackElo "2624"]
[PlyCount "72"]
[EventDate "2007.??.??"]

1. e4 c5 2. Nf3 d6 3. d4 cxd4 4. Nxd4 Nf6 5. Nc3 g6 6. Be3 Bg7 7. f3 Nc6 8. Qd2
Bd7 9. Bc4 O-O 10. O-O-O Ne5 11. Bb3 Rc8 12. Kb1 Re8 13. g4 b5 14. g5 b4 15.
Nce2 Nh5 16. f4 Nc4 17. Bxc4 Rxc4 18. b3 Rc7 19. f5 Qa8 20. Qd3 a5 21. Rhf1 a4
22. Rf2 axb3 23. cxb3 Bc8 24. fxg6 fxg6 25. Nb5 Ba6 26. Qd5+ Qxd5 27. Rxd5 Rb7
28. Na7 Rd7 29. Nc6 Bb7 30. Nxb4 e6 31. Rb5 Bxe4+ 32. Kc1 d5 33. Bc5 d4 34. Ra5
e5 35. a4 Bf5 36. Ra7 Rc8 0-1

[Event "Moscow Open 2007"]
[Site "Moscow"]
[Date "2007.01.29"]
[Round "3"]
[White "Yakovich, Yuri"]
[Black "Vorotnikov, Vladislav V"]
[Result "1-0"]
[WhiteElo "2577"]
[BlackElo "2437"]
[PlyCount "71"]
[EventDate "2007.??.??"]

1. d4 d5 2. c4 e5 3. dxe5 d4 4. Nf3 Nc6 5. a3 Nge7 6. b4 Ng6 7. Bb2 a5 8. b5
Ncxe5 9. Nxe5 Nxe5 10. e3 Be6 11. Bxd4 Nxc4 12. Qc2 Nd6 13. Bd3 Qg5 14. O-O
Nxb5 15. Bxb5+ Qxb5 16. Qxc7 Rc8 17. Qg3 h5 18. Nc3 Qc6 19. Rfc1 h4 20. Qg5 h3
21. e4 f6 22. Qxa5 Bd6 23. g3 O-O 24. Qb5 Bg4 25. Qf1 Qc4 26. Qxc4+ Rxc4 27.
Nb5 Rxd4 28. Nxd4 Be5 29. Nb5 Bxa1 30. Rxa1 Rd8 31. Nc3 Rd3 32. Nd5 Rd4 33. Re1
Rd3 34. Ra1 b5 35. Kf1 Kf7 36. Ke1 1-0

[Event "Moscow Open 2007"]
[Site "Moscow"]
[Date "2007.01.29"]
[Round "3"]
[White "Korobov, Anton"]
[Black "Yuferov, Sergey  N"]
[Result "1-0"]
[WhiteElo "2547"]
[BlackElo "2407"]
[PlyCount "119"]
[EventDate "2007.??.??"]

1. d4 Nf6 2. c4 e6 3. Nc3 Bb4 4. e3 O-O 5. Bd3 d5 6. Nf3 b6 7. O-O Bb7 8. cxd5
exd5 9. a3 Bd6 10. b4 a6 11. Qb3 Qe7 12. b5 axb5 13. Nxb5 Nbd7 14. a4 c5 15.
Ba3 Ba6 16. Bf5 Bxb5 17. Qxb5 g6 18. Bh3 Ra5 19. Qc6 Rfa8 20. Bb2 c4 21. Bc3
R5a7 22. Rfc1 Ba3 23. Rc2 Qd6 24. Qb5 Ne4 25. Be1 Ndf6 26. Ne5 Rxa4 27. f3 Ng5
28. Bd7 Nxd7 29. Nxd7 R4a7 30. Nxb6 Rb8 31. Qxd5 Qxb6 32. Rca2 Qb3 33. Qxg5 Be7
34. Qe5 Rb5 35. Qxb5 Qxb5 36. Rxa7 Bf6 37. R7a3 Qb7 38. R3a2 Qb3 39. Re2 Be7
40. Rc1 Ba3 41. Rcc2 Qd3 42. Kf2 Qb3 43. Rc3 Qb4 44. Rec2 Qd6 45. g3 Bb4 46.
Rxc4 Bxe1+ 47. Kxe1 h5 48. Kf2 h4 49. Kg2 h3+ 50. Kxh3 Qe6+ 51. Kg2 Qxe3 52. h4
Qd3 53. Rc7 Qxd4 54. Re2 g5 55. hxg5 Qd8 56. Ree7 Qd2+ 57. Kh3 Qxg5 58. Rxf7
Qh6+ 59. Kg4 Qg6+ 60. Kf4 1-0

[Event "Moscow Open 2007"]
[Site "Moscow"]
[Date "2007.01.29"]
[Round "3"]
[White "Balashov, Yuri S"]
[Black "Sorokin, Maxim"]
[Result "1/2-1/2"]
[WhiteElo "2422"]
[BlackElo "2547"]
[PlyCount "21"]
[EventDate "2007.??.??"]

1. d4 d5 2. c4 dxc4 3. e3 e6 4. Bxc4 a6 5. Nf3 c5 6. O-O Nf6 7. Bb3 Nc6 8. Qe2
cxd4 9. Rd1 d3 10. Rxd3 Qc7 11. Nc3 1/2-1/2

[Event "Moscow Open 2007"]
[Site "Moscow"]
[Date "2007.01.29"]
[Round "3"]
[White "Loskutov, Oleg"]
[Black "Oleksienko, Mikhailo"]
[Result "1/2-1/2"]
[WhiteElo "2397"]
[BlackElo "2541"]
[PlyCount "109"]
[EventDate "2007.??.??"]

1. e4 e5 2. Nf3 Nc6 3. Bb5 a6 4. Ba4 Nf6 5. O-O b5 6. Bb3 Bc5 7. a4 Rb8 8. c3
O-O 9. d4 Bb6 10. axb5 axb5 11. dxe5 Ng4 12. Bg5 Qe8 13. Nd4 Ngxe5 14. Kh1 d6
15. Nxc6 Qxc6 16. Bd5 Qe8 17. f4 Ng4 18. f5 Nf2+ 19. Rxf2 Bxf2 20. Qf3 Bb6 21.
Nd2 Kh8 22. f6 g6 23. Qg3 Be6 24. Re1 c6 25. Bxe6 Qxe6 26. Qh4 Ra8 27. Nf3 Bd8
28. Nd4 Qc4 29. Bf4 Re8 30. Bxd6 c5 31. Nf3 Ra6 32. Be5 Kg8 33. Kg1 h5 34. Qf4
Qe6 35. Qh6 Bxf6 36. Ng5 Qc4 37. Bxf6 Rxf6 38. e5 Rf5 39. Qh7+ Kf8 40. e6 Rxe6
41. Qh8+ Ke7 42. Nxe6 fxe6 43. Qg7+ Kd6 44. Qxg6 Qd5 45. Qg3+ Ke7 46. h4 Qd2
47. Ra1 Kf6 48. Ra7 Qc1+ 49. Kh2 Qf4 50. Rb7 Qxg3+ 51. Kxg3 c4 52. Rb6 Ke7 53.
Kh3 Re5 54. Kg3 Rf5 55. Kh3 1/2-1/2

[Event "Moscow Open 2007"]
[Site "Moscow"]
[Date "2007.01.29"]
[Round "3"]
[White "Novikov, Stanislav"]
[Black "Kachko, Alexander"]
[Result "1-0"]
[WhiteElo "2535"]
[BlackElo "2410"]
[PlyCount "127"]
[EventDate "2007.??.??"]

1. e4 e6 2. d4 d5 3. Nc3 dxe4 4. Nxe4 Bd7 5. Nf3 Bc6 6. Bd3 Nd7 7. Qe2 Ngf6 8.
Neg5 h6 9. Nxe6 fxe6 10. Bg6+ Ke7 11. Nh4 Nb6 12. c4 Kd7 13. O-O Kc8 14. Rd1
Nfd7 15. g3 Be7 16. Ng2 Bxg2 17. Kxg2 Nf8 18. Be4 h5 19. Be3 Nh7 20. d5 Nf6 21.
dxe6 Qf8 22. Bf3 Bc5 23. Bf4 a5 24. Qe5 Bd6 25. Rxd6 Qxd6 26. Qf5 Qe7 27. c5
Nbd7 28. Bd5 Nxd5 29. Qxd5 Ra6 30. Re1 Rd8 31. exd7+ Qxd7 32. Qxh5 Re6 33. Bg5
Qe8 34. Qg4 Qc6+ 35. Kg1 Rde8 36. Be3 g6 37. Rd1 Rd8 38. Rxd8+ Kxd8 39. Qd4+
Kc8 40. h4 b6 41. cxb6 cxb6 42. Kh2 Kb7 43. a3 Qb5 44. Qg7+ Ka6 45. Qc7 Qd5 46.
Qc8+ Kb5 47. Qc2 Rc6 48. Qe2+ Ka4 49. Bf4 Kb3 50. Be5 Rc1 51. Qe3+ Kc2 52. Kh3
Rh1+ 53. Kg4 Qd7+ 54. Kf3 Rd1 55. Qe4+ Rd3+ 56. Ke2 b5 57. g4 Qd5 58. Qxd5 Rxd5
59. f4 b4 60. axb4 axb4 61. h5 Rd2+ 62. Kf3 Rd3+ 63. Kg2 gxh5 64. gxh5 1-0

[Event "Moscow Open 2007"]
[Site "Moscow"]
[Date "2007.01.29"]
[Round "3"]
[White "Kalashnikov, Konstantin"]
[Black "Chuprov, Dmitry"]
[Result "0-1"]
[WhiteElo "2384"]
[BlackElo "2534"]
[PlyCount "82"]
[EventDate "2007.??.??"]

1. e4 c5 2. Nf3 Nc6 3. d4 cxd4 4. Nxd4 e5 5. Nb5 a6 6. Nd6+ Bxd6 7. Qxd6 Qf6 8.
Qd1 Qg6 9. Nc3 Nge7 10. h4 h5 11. Bg5 d5 12. Bd3 dxe4 13. Bxe4 Bf5 14. Bxf5
Nxf5 15. Ne4 f6 16. Nd6+ Nxd6 17. Qxd6 Rd8 18. Qe6+ Ne7 19. Be3 Qxg2 20. Rf1
Qd5 21. Qxd5 Rxd5 22. f3 Nf5 23. Bf2 Kf7 24. Rd1 Rxd1+ 25. Kxd1 Rd8+ 26. Kc1
Nd4 27. Be3 Ne2+ 28. Kb1 Ng3 29. Re1 Nf5 30. Bf2 Rd2 31. Rf1 Rd7 32. Kc1 Nd4
33. Be3 Ne2+ 34. Kb1 Ng3 35. Re1 Nf5 36. Bf2 Nd4 37. Rd1 Ke6 38. f4 Nf3 39.
Rxd7 Kxd7 40. fxe5 fxe5 41. c4 Nd2+ 0-1

[Event "Moscow Open 2007"]
[Site "Moscow"]
[Date "2007.01.29"]
[Round "3"]
[White "Yandemirov, Valeri"]
[Black "Beletsky, Alexey"]
[Result "1/2-1/2"]
[WhiteElo "2523"]
[BlackElo "2386"]
[PlyCount "64"]
[EventDate "2007.??.??"]

1. e4 Nf6 2. Nc3 d5 3. e5 d4 4. exf6 dxc3 5. fxg7 cxd2+ 6. Qxd2 Qxd2+ 7. Bxd2
Bxg7 8. O-O-O Nc6 9. Nf3 Bd7 10. Bc4 e6 11. Bg5 f6 12. Be3 O-O-O 13. Nd4 Nxd4
14. Rxd4 e5 15. Rd2 a6 16. Rhd1 Bf5 17. f3 Rxd2 18. Rxd2 Bf8 19. Bd5 h5 20. Rf2
c6 21. Bc4 b5 22. Bd3 Bxd3 23. cxd3 Bh6 24. Bxh6 Rxh6 25. f4 exf4 26. Rxf4 Kd7
27. Kd2 Ke6 28. Ke3 Rg6 29. Re4+ Kd6 30. Rd4+ Ke6 31. Re4+ Kd6 32. Rd4+ Ke6
1/2-1/2

[Event "Moscow Open 2007"]
[Site "Moscow"]
[Date "2007.01.29"]
[Round "3"]
[White "Zinchenko, Yaroslav"]
[Black "Ageichenko, Genadi A"]
[Result "1-0"]
[WhiteElo "2507"]
[BlackElo "2402"]
[PlyCount "111"]
[EventDate "2007.??.??"]

1. e4 c6 2. d4 d5 3. exd5 cxd5 4. c4 Nf6 5. Nc3 e6 6. Nf3 Be7 7. cxd5 exd5 8.
Bd3 O-O 9. h3 Nc6 10. O-O Re8 11. Re1 Be6 12. Bf4 Rc8 13. Qd2 Nd7 14. Re2 Nf8
15. Rc1 Ng6 16. Bg3 Qd7 17. a3 Bf5 18. Bxf5 Qxf5 19. b4 Qd7 20. Ne5 Ncxe5 21.
dxe5 Red8 22. Rd1 Bg5 23. Qxg5 Rxc3 24. e6 fxe6 25. Rxe6 Rc6 26. Re3 h6 27. Qh5
Qf7 28. Rf3 Qe8 29. Kh2 d4 30. Rfd3 Rc4 31. Qa5 b6 32. Qxa7 Qc6 33. Rf3 Rd7 34.
Qa8+ Kh7 35. Qe8 b5 36. Re1 Ra7 37. Qxc6 Rxc6 38. Rd3 Rc4 39. Re4 Rd7 40. f3
Ne7 41. Re5 Nd5 42. Bf2 Nf4 43. Rd2 d3 44. Be3 Ne2 45. Rxb5 Rc3 46. a4 Re7 47.
Bf2 Rd7 48. Rc5 Rb3 49. Rc4 Nc3 50. Rd4 Rxd4 51. Bxd4 Nxa4 52. Kg3 Nc3 53. Kf2
Nd5 54. b5 Kg6 55. Rb2 d2 56. Rxd2 1-0

[Event "Moscow Open 2007"]
[Site "Moscow"]
[Date "2007.01.29"]
[Round "3"]
[White "Okara, Andrey"]
[Black "Kharitonov, Alexandr"]
[Result "0-1"]
[WhiteElo "2358"]
[BlackElo "2503"]
[PlyCount "86"]
[EventDate "2007.??.??"]

1. e4 c6 2. d4 d5 3. exd5 cxd5 4. c4 Nf6 5. Nc3 e6 6. Nf3 Bb4 7. cxd5 Nxd5 8.
Bd2 Nc6 9. Bd3 Be7 10. a3 O-O 11. O-O Bf6 12. Qc2 g6 13. Bh6 Re8 14. Rad1 Nxc3
15. bxc3 b6 16. h4 Bb7 17. Be4 Na5 18. Bxb7 Nxb7 19. c4 Nd6 20. d5 Qc7 21. Rc1
Rac8 22. Qa4 e5 23. Bg5 Bg7 24. Rfe1 Nf5 25. Nd2 f6 26. Be3 Nxe3 27. fxe3 f5
28. c5 bxc5 29. Nc4 Red8 30. Red1 e4 31. Qa6 Rb8 32. Rb1 Qd7 33. Rxb8 Rxb8 34.
Qe6+ Qxe6 35. dxe6 Re8 36. Rd7 Rxe6 37. Rxa7 f4 38. Kf2 fxe3+ 39. Ke2 Bd4 40.
a4 Rf6 41. Nxe3 Rb6 42. Nd1 Rb3 43. a5 Ra3 0-1

[Event "Moscow Open 2007"]
[Site "Moscow"]
[Date "2007.01.29"]
[Round "3"]
[White "Ivanov, Victor L"]
[Black "Matsenko, Sergei"]
[Result "1/2-1/2"]
[WhiteElo "2502"]
[BlackElo "2378"]
[PlyCount "48"]
[EventDate "2007.??.??"]

1. e4 c5 2. Nf3 Nc6 3. c3 Nf6 4. e5 Nd5 5. Bc4 Nb6 6. Bb3 c4 7. Bc2 Qc7 8. Qe2
g5 9. h3 Bg7 10. O-O Nxe5 11. Nxg5 h6 12. Nf3 d5 13. Re1 Nxf3+ 14. Qxf3 e5 15.
Qg3 Bf6 16. d4 cxd3 17. Bxd3 Be6 18. Na3 a6 19. Be3 O-O-O 20. c4 Kb8 21. Rac1
dxc4 22. Bxc4 Nxc4 23. Nxc4 Bxc4 24. b3 Rhg8 1/2-1/2

[Event "Moscow Open 2007"]
[Site "Moscow"]
[Date "2007.01.29"]
[Round "3"]
[White "Geller, Jakov"]
[Black "Krivoborodov, Egor"]
[Result "1-0"]
[WhiteElo "2490"]
[BlackElo "2380"]
[PlyCount "97"]
[EventDate "2007.??.??"]

1. e4 c6 2. d4 d5 3. Nd2 dxe4 4. Nxe4 Bf5 5. Ng3 Bg6 6. h4 h6 7. h5 Bh7 8. Nf3
Nd7 9. Bd3 Bxd3 10. Qxd3 e6 11. Bd2 Qc7 12. O-O-O Ngf6 13. Ne4 O-O-O 14. g3
Nxe4 15. Qxe4 Nf6 16. Qe2 Bd6 17. c4 c5 18. Bc3 cxd4 19. Nxd4 a6 20. Kb1 Kb8
21. f4 Ka8 22. Nf3 Qc6 23. Ne5 Bxe5 24. Bxe5 Ne4 25. Rxd8+ Rxd8 26. Rd1 Rc8 27.
g4 f6 28. Bd4 Rd8 29. Be3 Rxd1+ 30. Qxd1 Nd6 31. Qd4 Kb8 32. b3 Qe4+ 33. Qxe4
Nxe4 34. Kc2 Kc7 35. Kd3 Nd6 36. a4 Nf7 37. Bc5 Nd6 38. b4 Kc6 39. Bd4 Nf7 40.
b5+ axb5 41. cxb5+ Kd5 42. a5 e5 43. fxe5 fxe5 44. a6 bxa6 45. bxa6 Kc6 46. Bc3
Kb6 47. Ke4 Nd6+ 48. Kxe5 Nc4+ 49. Kf4 1-0